000 01174nam a2200373 c 4500
001 23051
003 ES-MaCES
005 20250613105606.0
008 100513s2010 sp d t 000 | spa d
017 _aAB 2-2010
_bDL
020 _a9788496721203
035 _aCES20100004037m
040 _aES-MaCES
_bspa
_cES-MaCES
245 0 0 _aElecciones sindicales
_b: laudos y sentencias
_cCCOO, Confederación Sindical de Comisiones Obreras
260 _aAlbacete
_bBomarzo
_c[2010]
300 _a526 p.
_bgráf. bl. y n.
_c24 cm
541 _cCompra
650 4 _928377
_asindicato
650 4 _asistema electoral
_927195
650 4 _alibertad sindical
_927177
650 4 _arepresentación de los trabajadores
_928379
650 4 _aprocedimiento laboral
_930887
650 4 _aderecho del trabajo
_927165
650 4 _aderecho jurisprudencial
_929863
650 4 _alaudo arbitral
_929860
650 4 _asentencia judicial
_929888
650 4 _acomentario
_928971
650 4 _aEspaña
_926964
653 1 0 _aJurisprudencia
710 2 _aComisiones Obreras
_92105
902 _aLIB Libro
942 _2CES
_cBK
_h6.2.
999 _c23051
_d23051